Least Safe Island Nations - Statistics

General Stats
  • This quiz has been taken 21 times
  • The average score is 7 of 10
Answer Stats
Answer GPI % Correct
Cuba 2.103
87%
Haiti 2.395
87%
Papua New Guinea 2.095
80%
Trinidad and Tobago 1.946
80%
Cyprus 1.904
73%
Dominican Republic 2.019
73%
Jamaica 1.986
73%
Sri Lanka 2.136
73%
Philippines 2.229
67%
Bahrain 2.145
53%
No matching quizzes found
Score Distribution
Percent of People with Each Score
Percentile by Number Answered
Your Score History
You have not taken this quiz